| 000 | 00000nam##2200000za#4500 |
| 001 | 9.647853 |
| 003 | CaOODSP |
| 005 | 20240209132410 |
| 007 | ta |
| 008 | 150407|1999||||xxc||||| f|0| 0 eng|d |
| 020 | |a0-662-29286-3 |
| 040 | |aCaOODSP|beng |
| 043 | |an-cn--- |
| 086 | 1 |aC89-4/72-1999E |
| 110 | 2 |aAtlantic Canada Opportunities Agency. |
| 245 | 10|aSources of SME business debt financing in Atlantic Canada / |cby Theresa Shutt & Pierre Vanasse. Issued by the Conference Board of Canada. |
| 260 | |aOttawa - Ontario : |bAtlantic Canada Opportunities Agency |c1999. |
| 300 | |a44p. : |bgraphs, tables ; |c28 cm. |
| 500 | |aIncludes appendix. |
| 563 | |aProcessed |
| 590 | |a00-42|b2000-10-20 |
| 690 | 07|aSmall businesses|2gcpds |
| 690 | 07|aDebt|2gcpds |
| 690 | 07|aMortgage loans|2gcpds |
| 690 | 07|aBusiness loans|2gcpds |
| 720 | 1 |aShutt, Theresa |
| 720 | 1 |aVanasse, Pierre |
| 775 | 08|tSources du financement par emprunt des petites et moyennes entreprises de la région de l'Atlantique / |w(CaOODSP)9.681232 |
| 776 | 0#|tSources of SME business debt financing in Atlantic Canada / |w(CaOODSP)9.695225 |